|
|
|
|
| LEADER |
03772nam a22005775i 4500 |
| 001 |
978-3-319-21151-0 |
| 003 |
DE-He213 |
| 005 |
20151120135100.0 |
| 007 |
cr nn 008mamaa |
| 008 |
150716s2015 gw | s |||| 0|eng d |
| 020 |
|
|
|a 9783319211510
|9 978-3-319-21151-0
|
| 024 |
7 |
|
|a 10.1007/978-3-319-21151-0
|2 doi
|
| 040 |
|
|
|d GrThAP
|
| 050 |
|
4 |
|a QA76.758
|
| 072 |
|
7 |
|a UMZ
|2 bicssc
|
| 072 |
|
7 |
|a COM051230
|2 bisacsh
|
| 082 |
0 |
4 |
|a 005.1
|2 23
|
| 245 |
1 |
0 |
|a Modelling Foundations and Applications
|h [electronic resource] :
|b 11th European Conference, ECMFA 2015, Held as Part of STAF 2015, L`Aquila, Italy, July 20-24, 2015. Proceedings /
|c edited by Gabriele Taentzer, Francis Bordeleau.
|
| 264 |
|
1 |
|a Cham :
|b Springer International Publishing :
|b Imprint: Springer,
|c 2015.
|
| 300 |
|
|
|a XII, 203 p. 85 illus.
|b online resource.
|
| 336 |
|
|
|a text
|b txt
|2 rdacontent
|
| 337 |
|
|
|a computer
|b c
|2 rdamedia
|
| 338 |
|
|
|a online resource
|b cr
|2 rdacarrier
|
| 347 |
|
|
|a text file
|b PDF
|2 rda
|
| 490 |
1 |
|
|a Lecture Notes in Computer Science,
|x 0302-9743 ;
|v 9153
|
| 505 |
0 |
|
|a Towards Incremental Updates in Large-Scale Model Indexes -- Energy Consumption Analysis and Design of Energy-aware WSN Agents in fUML -- Reusable Model Interfaces with Instantiation Cardinalities -- A Generative Approach to Define Rich Domain-Specific Trace Metamodels -- On Lightweight Metamodel Extension to Support Modeling Tools Agility -- A Model Management Imperative: Being Graphical is not Sufficient, You Have to be Categorical -- A Model-based Approach for the Integration of Configuration Fragments -- AspectOCL: An extension to OCL for specifying crosscutting constraints -- Property Access Traces for Source Incremental Model-to-Text Transformation -- A comparison of two-level and multi-level modelling for cloud-based Applications -- Empirical Evaluation of UML Modeling Tools- A Controlled Experiment -- Opening the Black-Box of Model Transformation -- Type Inference in Flexible Model-Driven Engineering.
|
| 520 |
|
|
|a This book constitutes the proceedings of the 11th European Conference on Modelling Foundations and Applications, ECMFA 2015, held as part of STAF 2015, in L`Aquila, Utaly, in July 2015. The 13 papers presented in this volume were carefully reviewed and selected from 54 submissions. The committee decided to accept 13 papers, 9 papers for the Foundations Track and 4 papers for the Applications Track. Papers on a wide range of MBE aspects were accepted, including topics such as aspect-oriented modeling, model management, model transformation, advanced meta-modeling, UML modeling tools, and domain-specific modeling w.r.t. energy consumption and cloud-based systems.
|
| 650 |
|
0 |
|a Computer science.
|
| 650 |
|
0 |
|a Computer communication systems.
|
| 650 |
|
0 |
|a Computer programming.
|
| 650 |
|
0 |
|a Software engineering.
|
| 650 |
|
0 |
|a Programming languages (Electronic computers).
|
| 650 |
|
0 |
|a Computer logic.
|
| 650 |
|
0 |
|a Management information systems.
|
| 650 |
1 |
4 |
|a Computer Science.
|
| 650 |
2 |
4 |
|a Software Engineering.
|
| 650 |
2 |
4 |
|a Logics and Meanings of Programs.
|
| 650 |
2 |
4 |
|a Programming Languages, Compilers, Interpreters.
|
| 650 |
2 |
4 |
|a Computer Communication Networks.
|
| 650 |
2 |
4 |
|a Management of Computing and Information Systems.
|
| 650 |
2 |
4 |
|a Programming Techniques.
|
| 700 |
1 |
|
|a Taentzer, Gabriele.
|e editor.
|
| 700 |
1 |
|
|a Bordeleau, Francis.
|e editor.
|
| 710 |
2 |
|
|a SpringerLink (Online service)
|
| 773 |
0 |
|
|t Springer eBooks
|
| 776 |
0 |
8 |
|i Printed edition:
|z 9783319211503
|
| 830 |
|
0 |
|a Lecture Notes in Computer Science,
|x 0302-9743 ;
|v 9153
|
| 856 |
4 |
0 |
|u http://dx.doi.org/10.1007/978-3-319-21151-0
|z Full Text via HEAL-Link
|
| 912 |
|
|
|a ZDB-2-SCS
|
| 912 |
|
|
|a ZDB-2-LNC
|
| 950 |
|
|
|a Computer Science (Springer-11645)
|